[Event "Hessen-ch U16"]
[Site "Bad Homburg"]
[Date "2014.04.16"]
[Round "3"]
[White "Friedrich, Marvin"]
[Black "Pyshny, Anton"]
[Result "0-1"]
[WhiteElo "921"]
[BlackElo "783"]
[PlyCount "68"]
[EventDate "2014.04.??"]
[EventType "swiss"]
[EventRounds "7"]
[EventCountry "GER"]
[SourceTitle "EXT 2022"]
[Source "ChessBase"]
[SourceDate "2021.10.06"]
[SourceVersion "1"]
[SourceVersionDate "2021.10.06"]
[SourceQuality "1"]

1. d4 d5 2. c4 e6 3. Nc3 Nf6 4. Bg5 Be7 5. Nf3 Nc6 6. e3 0-0 7. b3 Bb4 8. Qc2 Bxc3+ 9. Qxc3 Ne4 10. Bxd8 Nxc3 11. Bxc7 Ne4 12. Bd3 Nb4 13. a3 Nxd3+ 14. Ke2 Ndxf2 15. Rhg1 Ng4 16. Rac1 Ngf6 17. Bf4 a6 18. g4 b5 19. c5 h6 20. h4 h5 21. Nh2 hxg4 22. Nxg4 Nxg4 23. Rxg4 e5 24. Rg2 exf4 25. Rcg1 Ng3+ 26. Kf3 Kh7 27. exf4 Nf5 28. Rh2 Nxd4+ 29. Kf2 Nxb3 30. h5 Nxc5 31. Rgh1 Ne4+ 32. Ke3 Nf6 33. Kd4 Bd7 34. h6 g6 0-1

[Event "Hessen-ch U14"]
[Site "Bad Homburg"]
[Date "2012.??.??"]
[Round "7"]
[White "Scherer, Jannik"]
[Black "Friedrich, Marvin"]
[Result "1/2-1/2"]
[WhiteElo "1118"]
[BlackElo "931"]
[PlyCount "120"]
[EventDate "2012.04.??"]
[EventType "swiss"]
[EventRounds "9"]
[EventCountry "GER"]
[SourceTitle "EXT 2015"]
[Source "ChessBase"]
[SourceDate "2014.11.20"]
[SourceVersion "1"]
[SourceVersionDate "2014.11.20"]
[SourceQuality "1"]

1. d4 d5 2. c4 e6 3. Nc3 Bb4 4. Nf3 Bxc3+ 5. bxc3 b6 6. e3 Nf6 7. Bd3 Bb7 8. Bb2 Nbd7 9. 0-0 0-0 10. Qc2 g6 11. Rfe1 c5 12. cxd5 exd5 13. c4 Qe7 14. cxd5 Bxd5 15. e4 Bb7 16. d5 Ng4 17. g3 Nde5 18. Nxe5 Nxe5 19. Qc3 f6 20. Bc1 Nf3+ 21. Kg2 Nxe1+ 22. Qxe1 Qe5 23. Bf4 Qe7 24. Qe3 g5 25. d6 Qd8 26. Bc4+ Kg7 27. Bxg5 fxg5 28. Qc3+ Kh6 29. Qe5 Qf6 30. f4 gxf4 31. Qxf4+ Qxf4 32. gxf4 Bxe4+ 33. Kg3 Kh5 34. Be2+ Kg6 35. Rd1 h5 36. d7 Rg8 37. Kh4 Bf5 38. Bxh5+ Kf6 39. Be8 Rgxe8 40. dxe8Q Rxe8 41. Rd6+ Be6 42. Kg3 Kf5 43. Rd1 Bxa2 44. Kf2 Kxf4 45. Rg1 c4 46. h3 b5 47. Rg4+ Kf5 48. Kf3 Ke5 49. Re4+ Kd5 50. Rxe8 Kd4 51. Ke2 Kc3 52. Kd1 b4 53. Kc1 b3 54. Re3+ Kb4 55. Kb2 a5 56. h4 a4 57. Re4 a3+ 58. Ka1 Kc3 59. Re2 Kd3 60. Re5 c3 1/2-1/2